000 01033nam0a22003011 4500
001 v19\rc\1425869
005 20250618194658.0
035 _a(NLR Aleph) 004683937
090 _a3844977
_c3844977
100 _a20060620d1838 |||y0rusy50 ca
101 0 _arus
102 _aRU
105 _ay z |||||
200 1 _aЗаконы - ограда общественного благоденствия
_fСоч. Н.Ч.
210 _aСанкт-Петербург
_cтип. 3 Деп. гос. имуществ
_d1838
215 _a22 с.
_d24
300 _aАвт. установлен по изд.: Масанов, И.Ф. Словарь псевдонимов... М., 1957. Т. 2. С. 236
700 1 _aЧашников
_bН.В.
_gНиколай Васильевич
790 0 _aН.Ч.
801 0 _aRU
_bNLR
_gpsbo
801 0 _aRU
_bRuMoRGB
_2psbo
801 1 _aRU
_bProSoft-M
_2rusmarc
852 _aNLR
_j18.73.1.76
899 _aБАН
899 _aНБ СПбГУ
899 _aRuMoRGB
_jФ 1-54/2437
942 _cBOOK
980 _aNB